Sports Quiz

Random Sports or Football Quiz
Score 0/15 Timer 10:00
0 Plays Today
Teams Player % Correct
Manchester United, Real Madrid, JuventusCristiano Ronaldo
100%
FC BarcelonaLionel Messi
99.3%
Dortmund, Bayern MunichRobert Lewandowski
97.1%
Ajax, Juve, Inter, Barca, AC Milan, PSG, Manchester UnitedZlatan Ibrahimovic
96.3%
Atletico Madrid, Manchester CItySergio Aguero
94.9%
Olympique Lyon, Real MadridKarim Benzema
93.4%
Monaco, Arsenal, FC BarcelonaThierry Henry
92.6%
Napoli, PSGEdinson Cavani
92.6%
Teams Player % Correct
Real Madrid, SchalkeRaul Gonzalez
90.4%
PSV, Manchester United, Real MadridRuud van Nistelrooy
90.4%
Marseille, Galatasaray, ChelseaDidier Drogba
90.4%
AC Milan, Chelsea, Dynamo KyivAndriy Shevchenko
87.5%
FC Bayern MunichThomas Muller
86%
JuventusAlessandro Del Piero
77.2%
Juventus, AC MilanFilippo Inzaghi
68.4%

You're not logged in!

Compare scores with friends on all Sporcle quizzes.
OR
Log In

Sporcle TV

Today on Sporcle TV


Watch our educational content, quiz creation guides, and fun videos on Sporcle TV.

Show Comments

Extras

Top Quizzes Today


Score Distribution

Paid Content

Your Account Isn't Verified!

In order to create a playlist on Sporcle, you need to verify the email address you used during registration. Go to your Sporcle Settings to finish the process.

Report this User

Report this user for behavior that violates our Community Guidelines.

Details: